|
|
|
|
| LEADER |
00661nam a22002052a 4500 |
| 001 |
000468775 |
| 003 |
CZ BrMZK |
| 005 |
20000105143423.0 |
| 008 |
000105s1967 xr f cze d |
| 040 |
|
|
|a BOA001
|b cze
|
| 245 |
0 |
0 |
|a Mistrovská díla evropského malířství.
|n 1,
|p Průvodní text
|
| 246 |
3 |
0 |
|a Průvodní text
|
| 250 |
|
|
|a 2. doplň. vyd.
|
| 260 |
|
|
|a Pardubice :
|b Východočeská galerie,
|c 1967
|
| 300 |
|
|
|a 15 s.
|
| 500 |
|
|
|a Katalog výstavy
|
| 700 |
1 |
|
|a Boučková, Jitka,
|d 1921-
|7 jk01012793
|
| 910 |
|
|
|a BOA001
|b X2-0603.711,1
|
| 990 |
|
|
|a BK
|
| 996 |
6 |
|
|b 2619754471
|c X2-0603.711,1
|l MZK
|r Sklad / do 24 hodin
|n 3
|w 000468775
|u 000010
|a 1
|e BOA001
|j MZK50
|s P
|